[Event "II Criciúma Chess Open - A1700 - 12-18"]
[Site "Criciúma SC"]
[Date "2024.01.14"]
[Round "4.1"]
[White "Quintiliano Pinto, Renato R."]
[Black "Di Berardino, Diego Rafael"]
[Result "1/2-1/2"]
[WhiteElo "2493"]
[BlackElo "2480"]
[PlyCount "45"]
[EventDate "2024.01.12"]
[EventRounds "9"]
[EventCountry "BRA"]

1. c4 e6 2. Nf3 Nf6 3. Nc3 d5 4. e3 a6 5. b3 c5 6. Bb2 Nc6 7. cxd5 exd5 8. d4
Bd6 9. Be2 O-O 10. O-O cxd4 11. Nxd4 Qc7 ({RR} 11... Re8 12. Bf3 ({RR} 12. Bf3
Ne5 13. Bxd5 Neg4 14. Nf3 Nxh2 15. Nxh2 Bxh2+ 16. Kxh2 Ng4+ 17. Kg3 Qd6+ 18.
Kf3 Qh6 19. Qd4 Qh5 20. Rh1) ({RR} 12. Rc1 Bd7 13. Nxc6 Bxc6 14. Bf3 Ne4 15. h3
Qd7 16. Nxe4 dxe4 17. Qd4 f6 18. Be2 Rad8 19. Bc4+ Kh8 20. Kh1 Qe7 21. Qc3 Bb4
22. Qc2 Rd2 23. Qb1 Red8 24. Bxa6 Bd6 25. Bc4 Bb8 26. Bc3 Qc7) 12... Ne5 13.
Bxd5 Neg4 14. Nf3 Nxh2 15. Nxh2 Bxh2+ 16. Kxh2 Ng4+ 17. Kg3 Qd6+ 18. Kf3 Qh6
19. Qd4 Qh5 20. Rh1 {1-0 (20) Nepomniachtchi,I (2774)-Bareev,E (2643)
Amsterdam NED 2019}) ({RR} 11... Re8 12. Nxc6 bxc6 13. Bf3 h5 14. h3 ({RR} 14.
Bxh5 Nxh5 15. Qxh5 Re6 16. g3 Rg6 17. Qf3 Bg4 18. Qg2 Qd7 19. Rfe1 Qf5 20. f4
Re8 21. Na4 c5 22. Rac1 Rge6 23. Qf2 d4 24. exd4 Re2 25. Rxe2 Rxe2 26. Qf1 Qd3)
14... Bc7 15. h4 Qd6 16. g3 Rxe3 17. Ne4 Rxe4 18. Bxf6 Qxf6 19. Bxe4 dxe4 20.
Qxh5 Bh3 21. Rfe1 e3 22. f4 Ba5 23. Rec1 Bd2 24. Rd1 Qe6 {0-1 (24) Volkmann,A 
(2129)-Quintiliano Pinto,R (2518) Criciuma-SC 2023}) 12. Nf3 $146 ({RR} 12. g3
Bh3 13. Re1 Rac8 14. Nxc6 Qxc6 15. Bf3 Bb4 16. Rc1 Qd6 17. Qd4 Rfd8 18. Ba1 Be6
19. Red1 b5 20. Ne2 h6 21. Qh4 Rxc1 22. Rxc1 Nh7 23. Qd4 Nf6 24. Qd3 Nd7 25.
Qd4 Nf6 26. Nf4 Ba3 {Watson,J (2420)-Braunlich,T Fort Worth 1984 1-0 (38)}) ({
RR} 12. h3 Qe7 13. Nxc6 bxc6 14. Qd4 c5 15. Qd3 Bb7 16. Bf3 Rad8 17. Qf5 Bc8
18. Qg5 h6 19. Qh4 Qe5 20. g3 Qf5 21. Bg2 d4 22. exd4 cxd4 23. Na4 Be5 24. Rad1
h5 25. f4 Bb8 26. Kh2 Ba7 {Lopukhin,A (2266)-Oganian,M (2411) Sochi RUS 2019
0-1 (39)}) ({RR} 12. h3 Qe7 13. Nf3 Rd8 14. Bd3 Ne5 15. Na4 Bd7 16. Nb6 Nxd3
17. Qxd3 Bb5 18. Qf5 Qe4 19. Qxe4 dxe4 20. Nxa8 Bxf1 21. Kxf1 exf3 22. Nb6 Bc5
{1/2-1/2 (22) Alekseev,E (2620)-Nisipeanu,L (2674) Dusseldorf GER 2019}) 12...
Rd8 13. Rc1 Qe7 14. Na4 Bc7 15. Nd4 Qd6 16. g3 Bh3 17. Re1 Ba5 18. Bc3 Bxc3 19.
Nxc3 Ne5 20. Nf3 Nc6 21. Nd4 Ne5 22. Nf3 Nc6 23. Nd4 1/2-1/2

[Event "II Criciúma Chess Open - A1700 - 12-18"]
[Site "Criciúma SC"]
[Date "2024.01.14"]
[Round "4.2"]
[White "Matsuura, Everaldo"]
[Black "Hoffman, Alejandro"]
[Result "1/2-1/2"]
[WhiteElo "2410"]
[BlackElo "2358"]
[PlyCount "25"]
[EventDate "2024.01.12"]
[EventRounds "9"]
[EventCountry "BRA"]

1. c4 c5 2. Nf3 g6 3. d4 Bg7 4. d5 Nf6 5. Nc3 d6 6. e4 O-O 7. Be2 e6 8. O-O
exd5 9. exd5 Re8 10. Bd3 Bg4 11. h3 Bxf3 12. Qxf3 Nbd7 ({RR} 12... Nfd7 13. Qd1
Ne5 14. Be2 f5 15. Re1 Nbd7 16. Bd2 g5 17. f4 gxf4 18. Bxf4 Nf8 19. Qd2 Nfg6
20. Bg5 Qd7 21. Rf1 Rf8 22. Bh6 f4 23. Bxg7 Qxg7 24. Kh1 Rae8 25. Rf2 Qh6 26.
Raf1 a6 27. b3 {Elsness,F (2466)-Fedorov,A (2598) Khanty-Mansiysk 2017 0-1 (40)
}) 13. Qd1 $146 ({RR} 13. Bf4 Ne5 14. Bxe5 Rxe5 15. Qd1 Qe7 16. Qd2 Re8 17. f4
Re3 18. Nd1 Rg3 19. Nf2 Qe3 20. Qxe3 Rgxe3 21. f5 Nh5 22. Rfd1 Bxb2 23. Rab1
Bd4 24. Kh2 Nf4 25. Bf1 Ra3 26. Ng4 h5 27. Rxd4 cxd4 {Makway,K-Nielsen,P (2280)
Singapore 1990 0-1 (51)}) 1/2-1/2

[Event "II Criciúma Chess Open - A1700 - 12-18"]
[Site "Criciúma SC"]
[Date "2024.01.14"]
[Round "4.3"]
[White "Languidey, Simon Alejandro"]
[Black "Piccoli, Lucas Fonseca"]
[Result "1/2-1/2"]
[WhiteElo "2402"]
[BlackElo "2263"]
[PlyCount "57"]
[EventDate "2024.01.12"]
[EventRounds "9"]
[EventCountry "BRA"]

1. e4 c5 2. Nf3 Nc6 3. c3 Nf6 4. e5 Nd5 5. Bc4 Nb6 6. Bb3 c4 7. Bc2 d5 ({RR} 
7... Qc7 8. O-O Nxe5 9. Nxe5 Qxe5 10. a4 e6 11. a5 Nd5 12. d3 cxd3 13. Qxd3 Nf4
14. Bxf4 Qxf4 15. Na3 Be7 16. Rfd1 g6 17. g3 Qb8 18. Nb5 d5 19. c4 O-O 20. cxd5
exd5 21. Nc3 Be6 22. Nxd5 {Savchenko,B (2559)-Mamedov,R (2660) Nakhchivan 2014
1/2-1/2 (40)}) 8. d4 cxd3 9. Qxd3 g6 ({RR} 9... Bg4 10. Bf4 Nc4 11. Nbd2 Nb6
12. O-O g6 13. Qe3 Bg7 14. h3 Bxf3 15. Nxf3 Nc4 16. Qe2 Qc7 17. Rfe1 O-O-O 18.
b3 Nb6 19. a4 Kb8 20. Nd4 Nxd4 21. cxd4 Rc8 22. a5 Na8 23. Rec1 e6 24. Bxg6 {
Sideris,T (1852)-Stratigos,S (1957) Kanoni GRE 2019 1-0 (32)}) 10. O-O $146 ({
RR} 10. Qe2 Bg7 11. Bf4 Bg4 12. Nbd2 O-O 13. h3 Bxf3 14. Nxf3 e6 15. O-O Qc7
16. Rfe1 Rac8 17. Rac1 Nd7 18. Qe3 Qb6 19. Qd2 Qc7 20. Qe2 b5 21. Bb1 Qb6 22.
a3 a5 23. Rcd1 Rb8 24. h4 Qc7 {Lipovsek,M (2098)-Knezevic,Z (2091) Velenje
2006 0-1 (41)}) ({RR} 10. Na3 Bg7 11. Bf4 Bg4 12. Qe3 Bxf3 13. gxf3 d4 14. cxd4
Qxd4 15. Qxd4 Nxd4 16. Be4 O-O 17. Nc2 Nxc2+ 18. Bxc2 Nc4 19. O-O Bxe5 20. Bxe5
Nxe5 21. Be4 Rab8 22. Rac1 Rfd8 23. Rfd1 Rxd1+ 24. Rxd1 Kf8 {Demirkiran,B 
(1164)-Doluhanova,E (2257) Konya TUR 2018 0-1 (54)}) 10... Bf5 11. Qe2 Bxc2 12.
Qxc2 Bg7 13. Bf4 O-O 14. Re1 d4 15. Qe4 dxc3 16. Nxc3 Qc8 17. a4 Na5 18. Nd5
Nxd5 19. Qxd5 Nc6 20. Rac1 Qf5 21. Bg3 Rad8 22. Qb3 Rd7 23. h3 Qd3 24. Rc3 Qd5
25. Qxd5 Rxd5 26. Rb3 Na5 27. Rc3 Nc6 28. Rb3 Na5 29. Rc3 1/2-1/2

[Event "II Criciúma Chess Open - A1700 - 12-18"]
[Site "Criciúma SC"]
[Date "2024.01.14"]
[Round "4.4"]
[White "Terao, Juliana Sayumi"]
[Black "Gemy, Jose Daniel"]
[Result "0-1"]
[WhiteElo "2198"]
[BlackElo "2329"]
[PlyCount "64"]
[EventDate "2024.01.12"]
[EventRounds "9"]
[EventCountry "BRA"]

1. e4 {Szabo,Kr} e5 2. Nf3 Nc6 3. Bb5 a6 4. Ba4 Nf6 5. d3 d6 6. c3 g6 7. O-O
Bg7 8. Re1 O-O 9. h3 b5 10. Bc2 Bb7 11. Be3 ({RR} 11. Nbd2 Re8 12. a4 ({RR} 12.
d4 Nb8 ({RR} 12... d5 13. dxe5 Nxe5 14. Nxe5 Rxe5 15. Nf3 Re8 16. e5 Ne4 ({RR} 
16... Nd7)) 13. Rb1 Nbd7 14. d5 c6 15. c4 Qc7 16. b3 Bh6 17. Nf1 Bxc1 18. Rxc1
bxc4 19. bxc4 Nc5) 12... Nb8 ({RR} 12... h6 13. axb5 axb5 14. Rxa8 Bxa8 15. Bb3
Na5 16. Ba2 c5 17. Nf1 d5 18. exd5 Bxd5 19. Bxd5 Qxd5 20. Qe2 Nc6) 13. b4 c5 ({
RR} 13... Nbd7 14. Nb3 Rb8 15. Be3 d5 16. Qb1 Bf8 17. axb5 axb5 18. Ra5 c5 ({RR
} 18... Nb6 19. Rxb5 dxe4 20. dxe4 Nc4 21. Bc1 c6 22. Rc5 Bxc5 23. Nxc5 Bc8 24.
Bb3) 19. bxc5 dxe4 20. dxe4 Nxc5 21. Bxc5 Bxc5 22. Rxb5 Bb6 23. Rxe5 Rxe5 24.
Nxe5 Qc7 25. Nf3 Qxc3) 14. bxc5 dxc5 15. Rb1 Bc6 16. Bb2 Nh5 ({RR} 16... Nbd7
17. d4 exd4 18. cxd4 cxd4 19. Nxd4) 17. g3 Bd7 ({RR} 17... Nd7) 18. h4 Nc6 19.
Bb3 ({RR} 19. Nf1) 19... h6 20. Bd5 Rb8 21. Nb3 ({RR} 21. axb5 axb5 22. Qb3 Qe7
23. Ra1 Nf6 24. Ra6 Rec8 25. Rea1) 21... Qb6 22. axb5 axb5 23. Ba3 b4 24. Bb2 (
{RR} 24. cxb4 cxb4 25. Bb2 Nxg3) ({RR} 24. Nbd2 Ne7 ({RR} 24... Qa6 25. Bb2
bxc3 26. Bxc3 Qxd3 27. Rxb8 Rxb8 28. Re3 Qb5 29. Qa1) 25. Nc4 Qa7 26. cxb4 Nxd5
27. exd5 Bg4) 24... Bg4 ({RR} 24... Nf6 25. Bc4 Bg4 26. Qe2) 25. Nbd2 Ne7 {
Ivanchuk,V (2731)-Nakamura,H (2772) Elancourt 2013 CBM 157 [Szabo,Kr] 0-1 (55)}
) ({RR} 11. a4 Nd7 12. b4 Re8 13. axb5 axb5 14. Na3 Na7 15. Rb1 c6 16. Bb3 d5
17. Be3 Nc8 18. Qc1 Nd6 19. exd5 cxd5 20. Bc5 Nxc5 21. bxc5 e4 22. dxe4 Nxe4
23. Nxb5 Qd7 24. Bc2 Nxc5 25. Rxe8+ Rxe8 {Gvetadze,S (2302)-Ghukasyan,S (2168)
Terme Catez SLO 2021 1/2-1/2 (34)}) 11... h6 $146 ({RR} 11... Nb8 12. Nbd2 Nbd7
13. a4 c6 14. b4 Qc7 15. Qb1 Nb6 16. a5 Nbd7 17. d4 exd4 18. cxd4 c5 19. Ra2
cxd4 20. Bxd4 Nh5 21. Bxg7 Nxg7 22. Bb3 Ne5 23. Nxe5 dxe5 24. Nf3 Qe7 25. Rc2
Rac8 26. Rxc8 {Salgado Lopez,I (2643)-Cuenca Jimenez,J (2506) Linares ESP 2018
0-1 (73)}) ({RR} 11... d5 12. Nbd2 d4 13. cxd4 Nxd4 14. Nxd4 exd4 15. Bf4 c5
16. a4 Qb6 17. Qf3 Nd7 18. Qg3 Rfe8 19. h4 Ne5 20. h5 Rac8 21. axb5 axb5 22. h6
Bf6 23. b3 Nc6 24. Bd1 Ra8 25. Bc7 Be5 26. Rxa8 {Durarbayli,V (2620)-Tan,J 
(2502) chess.com INT 2019 1-0 (38)}) ({RR} 11... Nb8 12. b4 Nbd7 13. Nbd2 d5
14. Qb1 Nh5 15. Nb3 Rb8 16. a4 f5 17. Na5 fxe4 18. Nxb7 Rxb7 19. dxe4 Rxf3 20.
gxf3 d4 21. Bd2 Qh4 22. Qb3+ Kh8 23. Qe6 Nf8 24. Qg4 Qd8 25. axb5 dxc3 26. Bg5
{Alekseev,E (2700)-Greenfeld,A (2538) Beersheba 2013 1-0}) 12. Nbd2 Nd7 13. d4
exd4 14. cxd4 Nb4 15. e5 dxe5 16. dxe5 Re8 17. Bf4 Nc5 18. Bg3 Ncd3 19. Bxd3
Nxd3 20. Re3 Nxb2 21. Qc2 Na4 22. Rd1 Qc8 23. Ne4 Bxe4 24. Qxe4 c5 25. Red3 Nb2
26. R3d2 Nxd1 27. Rxd1 Qe6 28. Qc2 Rad8 29. Re1 Qd5 30. h4 c4 31. Qc3 Qc5 32.
Rc1 b4 0-1

[Event "II Criciúma Chess Open - A1700 - 12-18"]
[Site "Criciúma SC"]
[Date "2024.01.14"]
[Round "4.5"]
[White "Cubas, Jose Fernando"]
[Black "Filgueiras, Nathan Felipe"]
[Result "0-1"]
[WhiteElo "2427"]
[BlackElo "2321"]
[PlyCount "78"]
[EventDate "2024.01.12"]
[EventRounds "9"]
[EventCountry "BRA"]

1. d4 d5 2. Bf4 Nf6 3. e3 e6 4. Nd2 c5 5. c3 Nc6 6. Ngf3 cxd4 7. exd4 Nh5 8.
Bg5 f6 9. Be3 Qc7 $146 ({RR} 9... Bd6 10. Nh4 g6 11. g3 O-O 12. Be2 Ng7 13. Bf3
Ne7 14. Nb3 Ngf5 15. Nxf5 Nxf5 16. O-O h5 17. Kh1 Qc7 18. Qd3 b6 19. Rg1 Kf7
20. Nc1 Bb7 21. Ne2 Rh8 22. Bf4 g5 23. Bxd6 Qxd6 24. Bg2 {Hommer,J (1983)
-Kunisch,N (1740) Wuerzburg GER 2018 1-0 (77)}) ({RR} 9... Bd6 10. Bb5 O-O 11.
O-O Ne7 12. Re1 Bd7 13. Bd3 g6 14. Bh6 Rf7 15. c4 Ng7 16. Nb3 b6 17. Rc1 Ngf5
18. Bd2 dxc4 19. Bxc4 Nd5 20. Bc3 Qf8 21. Nbd2 Re8 22. Ne4 Bf4 23. Bd2 Bxd2 24.
Qxd2 {Caruana,F (2822)-Aronian,L (2767) chess.com INT 2018 1/2-1/2 (83)}) ({RR
} 9... Bd6 10. g3 g6 11. Bg2 Ng7 12. O-O Nf5 13. Re1 Nxe3 14. fxe3 f5 15. c4
O-O 16. Rc1 Ne7 17. Qb3 Qb6 18. Qc2 Qa6 19. b4 Bd7 20. b5 Qa3 21. c5 Bc7 22.
Nb1 Qa5 23. a4 a6 24. b6 {Sebag,M (2460)-Petrova,I (2104) chess.com INT 2022
1-0 (46)}) ({RR} 9... Bd6 10. Bb5 O-O 11. O-O Bd7 12. Re1 Qc7 13. Rc1 g6 14. c4
a6 15. Ba4 dxc4 16. Nxc4 Bb4 17. d5 exd5 18. Qxd5+ Kh8 19. Bb6 Qc8 20. Red1 Be6
21. Qe4 Bf5 22. Qh4 Bg4 23. Ne3 Bxf3 24. gxf3 {Banusz,T (2600)-Goh,W (2446)
Benasque 2017 1-0 (53)}) ({RR} 9... Bd6 10. g3 O-O 11. Bd3 f5 12. Ne5 Nf6 13.
f4 Bd7 14. Qe2 Be8 15. h3 Rc8 16. Ndf3 Ne4 17. Qg2 Qb6 18. O-O Nxe5 19. fxe5
Be7 20. Rfe1 Bb5 21. Bc2 Qa6 22. a4 Bd3 23. Bd1 b5 24. Bd2 {Pajeken,J (2359)
-Morgunov,D (2289) Teplice CZE 2019 1-0 (51)}) 10. Rc1 Bd6 11. c4 g6 12. cxd5
exd5 13. Qb3 Qf7 14. Bb5 Bd7 15. O-O O-O 16. Bh6 Rfe8 17. Nc4 Bc7 18. Ne3 Be6
19. Bxc6 bxc6 20. Rxc6 g5 21. g3 Rad8 22. Rfc1 Bb8 23. Bxg5 fxg5 24. Nxg5 Qd7
25. Nxe6 Rxe6 26. Nxd5 Kh8 27. Rxe6 Qxe6 28. Qf3 Ng7 29. a3 Nf5 30. Nf4 Bxf4
31. Qxf4 Nxd4 32. Kg2 Qd5+ 33. f3 Nf5 34. Rc7 Qe6 35. Qe4 Rd2+ 36. Kf1 Ne3+ 37.
Ke1 Qxe4 38. fxe4 Rxb2 39. Rxa7 Rxh2 0-1

[Event "II Criciúma Chess Open - A1700 - 12-18"]
[Site "Criciúma SC"]
[Date "2024.01.14"]
[Round "4.6"]
[White "Rodi, Luis Ernesto"]
[Black "Do Valle Cardoso, Lucas"]
[Result "1/2-1/2"]
[WhiteElo "2196"]
[BlackElo "2392"]
[PlyCount "111"]
[EventDate "2024.01.12"]
[EventRounds "9"]
[EventCountry "BRA"]

1. d4 d5 2. Bg5 f6 3. Bc1 ({RR} 3. Bd2 Nc6 4. e3 e5 5. Bb5 Bd6 6. c4 dxc4 7. d5
a6 8. Bxc4 Nce7 9. Nf3 Nh6 10. e4 Nf7 11. Nc3 Bc5 12. b4 Ba7 13. h3 O-O 14. O-O
Nd6 15. Bb3 Kh8 16. Be3 Bxe3 17. fxe3 Bd7 {Moiseenko,A (2648)-Blomqvist,E 
(2545) Fornebu 2016 1/2-1/2 (32)}) ({RR} 3. Bd2 Nc6 4. e3 e5 5. Bb5 Bd7 6. Ne2
Nce7 7. Bxd7+ Qxd7 8. c4 dxc4 9. O-O Nc6 10. Bc3 Nge7 11. dxe5 Qxd1 12. Rxd1
Nxe5 13. Bxe5 fxe5 14. Na3 Nc6 15. Nxc4 Be7 16. Nc3 Bf6 17. Kf1 O-O {Stocek,J 
(2564)-Fataliyeva,U (2324) Sousse TUN 2021 1/2-1/2 (78)}) 3... Nc6 4. e4 dxe4
$146 ({RR} 4... e6 5. exd5 exd5 6. c3 Be7 7. Bd3 Be6 8. Qb3 a6 9. Ne2 g5 10. h4
h6 11. Nd2 Bd6 12. hxg5 fxg5 13. Nf3 Be7 14. Nxg5 Bxg5 15. Bxg5 Nge7 16. Rxh6
Rxh6 17. Bxh6 Bf5 18. O-O-O Qd7 19. Qxb7 {Rodi,L (2377)-Molina,J (2141) Natal
2013 1-0 (32)}) 5. d5 Ne5 6. Nc3 c6 7. Bf4 Ng6 8. Bg3 f5 9. Nh3 Nf6 10. Bc4
cxd5 11. Bxd5 e6 12. Bb3 Bd7 13. f3 Bb4 14. O-O Qb6+ 15. Kh1 Bxc3 16. bxc3 exf3
17. Qxf3 Ne4 18. Qh5 O-O-O 19. Ng5 Nxg5 20. Qxg5 e5 21. Rab1 Qc6 22. Qd2 Be6
23. Bxe6+ Qxe6 24. Qf2 b6 25. Qxf5 Qxf5 26. Rxf5 Rhf8 27. Rxf8 Rxf8 28. h4 Kd7
29. a4 Rc8 30. h5 Nf4 31. a5 bxa5 32. Rb5 Rxc3 33. Bxf4 exf4 34. Rxa5 Ke6 35.
Rxa7 Kf6 36. h6 g5 37. Rxh7 Kg6 38. Rh8 Rxc2 39. h7 Rc1+ 40. Kh2 Kg7 41. Ra8
Kxh7 42. Ra6 Kg7 43. Rb6 Rc2 44. Kh3 Rc3+ 45. Kh2 Rg3 46. Ra6 Rg4 47. Rb6 Rh4+
48. Kg1 Rh6 49. Rb5 Kg6 50. Kf2 Rh2 51. Kf3 Rh8 52. Kg4 Rh4+ 53. Kf3 Rh2 54.
Rb6+ Kh5 55. g4+ fxg3 56. Kxg3 1/2-1/2

[Event "II Criciúma Chess Open - A1700 - 12-18"]
[Site "Criciúma SC"]
[Date "2024.01.14"]
[Round "4.7"]
[White "Perdomo, Leandro"]
[Black "Federzoni, Enzo"]
[Result "1/2-1/2"]
[WhiteElo "2382"]
[BlackElo "2170"]
[PlyCount "36"]
[EventDate "2024.01.12"]
[EventRounds "9"]
[EventCountry "BRA"]

1. d4 Nf6 2. c4 g6 3. Nc3 d5 4. cxd5 Nxd5 5. e4 Nxc3 6. bxc3 Bg7 7. Nf3 c5 8.
h3 O-O 9. Be2 b6 10. Be3 cxd4 11. cxd4 Bb7 12. Qd3 Nc6 13. O-O Rc8 14. Rac1 e6
15. Rfd1 Qd7 $146 ({RR} 15... Qd6 16. Qb5 {1/2-1/2 (16) Efimov,I (2520)
-Tomescu,V (2432) Palermo 2000}) ({RR} 15... Qd6 16. e5 Qd5 17. Bf4 Nb4 18. Qd2
Qxa2 19. Qxb4 Qxe2 20. Re1 Rxc1 21. Bxc1 Qd3 22. Nh2 h5 23. Bg5 Rc8 24. Qe7 Qc3
25. Rd1 Qc7 26. Qa3 Qc6 27. Qg3 Qc2 28. Ra1 Rc3 29. Qf4 Rb3 30. Nf3 {Prakash,G
(2453)-Prasad,D (2440) New Delhi 2001 0-1 (45)}) 16. Qb1 Qd6 17. h4 h5 18. e5
Qb4 1/2-1/2

[Event "II Criciúma Chess Open - A1700 - 12-18"]
[Site "Criciúma SC"]
[Date "2024.01.14"]
[Round "4.8"]
[White "Umetsubo, Cesar Hidemitsu"]
[Black "Labussiere, Yago"]
[Result "1-0"]
[WhiteElo "2349"]
[BlackElo "2167"]
[PlyCount "77"]
[EventDate "2024.01.12"]
[EventRounds "9"]
[EventCountry "BRA"]

1. e4 c5 2. Nc3 Nc6 3. Nge2 e5 4. g3 g6 5. Bg2 Bg7 6. d3 Nge7 7. Be3 Nd4 8. O-O
O-O 9. f4 d6 10. Qd2 Be6 11. Rf2 Qd7 12. Raf1 f6 13. a3 $146 ({RR} 13. Nc1 Rac8
14. Nd1 exf4 15. Bxf4 d5 16. Nc3 g5 17. Be3 h6 18. Kh1 b6 19. Re1 dxe4 20. dxe4
Rcd8 21. N3e2 Ndc6 22. Qxd7 Rxd7 23. Nc3 Rfd8 24. Nb3 Ne5 25. Bc1 Ng4 26. Rd2
c4 27. Rxd7 Rxd7 {Fekete,A (2265)-Kovacs Pinter,M (2210) Hungary 1995 1/2-1/2 
(46)}) ({RR} 13. Nd5 Nxd5 14. exd5 Nxe2+ 15. Rxe2 Bg4 16. Ree1 exf4 17. Bxf4
Rae8 18. d4 g5 19. Be3 b6 20. dxc5 dxc5 21. b4 cxb4 22. Qxb4 Rc8 23. c4 Bh3 24.
Bxh3 Qxh3 25. Bd4 Rf7 26. Re6 Rfc7 27. Rfe1 Qg4 {Bachmann,A (2621)-Perez Ponsa,
F (2554) Buenos Aires ARG 2018 1-0 (36)}) ({RR} 13. Nc1 Rac8 14. Nd1 b6 15. c3
Ndc6 16. c4 a6 17. Nc3 exf4 18. gxf4 f5 19. Nd5 Rb8 20. Ne2 Nd4 21. Bxd4 cxd4
22. Ng3 fxe4 23. dxe4 Nxd5 24. cxd5 Bh3 25. f5 Bxg2 26. Rxg2 Qe7 27. Qd3 b5 {
Todorovic,J (2428)-Tadic,B (2407) Herceg Novi 2001 1-0 (35)}) ({RR} 13. Nc1
Rac8 14. Nd1 b6 15. c3 Ndc6 16. c4 Nd4 17. Nc3 exf4 18. Bxf4 f5 19. Nd5 Nec6
20. Ne2 Nxe2+ 21. Rxe2 Nd4 22. Ree1 Bxd5 23. cxd5 fxe4 24. Rxe4 Rfe8 25. Rfe1
Bf8 26. Re6 Nxe6 27. Bh3 Nd4 {Hernandez Carmenates,H (2544)-Homa,S (2366)
Chicago 2015 1/2-1/2 (31)}) 13... Rae8 14. Nd1 b6 15. c3 Nxe2+ 16. Rxe2 exf4
17. Bxf4 d5 18. Nf2 d4 19. h4 dxc3 20. bxc3 Nc6 21. Rd1 Rd8 22. Qe3 Rfe8 23. d4
Bb3 24. Rb1 Bc4 25. Rd2 Bf8 26. d5 Ne5 27. Bxe5 Rxe5 28. Qf4 g5 29. hxg5 Rxg5
30. e5 b5 31. Ne4 Rg6 32. Nxf6+ Rxf6 33. Qxf6 Bg7 34. Qg5 Re8 35. Re1 Qe7 36.
Qxe7 Rxe7 37. d6 Re8 38. d7 Rd8 39. e6 1-0

[Event "II Criciúma Chess Open - A1700 - 12-18"]
[Site "Criciúma SC"]
[Date "2024.01.14"]
[Round "4.9"]
[White "Caetano, Ryan Wesley Da Cost"]
[Black "Contin, Daniel"]
[Result "0-1"]
[WhiteElo "2184"]
[BlackElo "2203"]
[PlyCount "60"]
[EventDate "2024.01.12"]
[EventRounds "9"]
[EventCountry "BRA"]

1. d4 Nf6 2. c4 e6 3. Nc3 Bb4 4. e3 O-O 5. Bd2 b6 6. Bd3 Bb7 7. Nf3 Bxc3 8.
Bxc3 Ne4 9. Qc2 f5 10. O-O-O ({RR} 10. O-O d6 11. Nd2 Qh4 12. f3 Ng5 13. e4
fxe4 14. Nxe4 Nxe4 15. Bxe4 Bxe4 16. Qxe4 Qxe4 17. fxe4 Nd7 18. e5 Rae8 19.
exd6 cxd6 20. Bb4 Rxf1+ 21. Rxf1 d5 22. b3 Nf6 23. Rc1 Rc8 24. a4 Ne4 {Ansh,M 
(2096)-Melian,J (2044) chess.com INT 2021 0-1 (39)}) 10... d6 ({RR} 10... Nxc3
11. Qxc3 Qf6 12. Rhg1 d6 13. Qc2 Nd7 14. Nd2 c5 15. d5 Ne5 16. e4 f4 17. f3 Qh6
18. Rh1 Bc8 19. Rde1 Qg6 20. Reg1 exd5 21. cxd5 Qf6 22. Nc4 Bd7 23. Nxe5 Qxe5
24. Qc3 Rae8 25. Qxe5 {Siebrecht,S (2426)-Slobodjan,R (2521) Saarbruecken 2002
0-1 (47)}) 11. Rhg1 $146 ({RR} 11. h4 h6 12. h5 Nd7 13. Nh4 Rf6 14. Rdg1 Nf8
15. Be1 d5 16. f3 Nd6 17. c5 Nc4 18. Qe2 bxc5 19. b3 Na3 20. dxc5 a6 21. Bc3
Nb5 22. Bxb5 axb5 23. Bxf6 Qxf6 24. Qb2 e5 25. f4 Nd7 {Jordanov,D-Peters,P
Gladenbach 1999 1-0 (60)}) ({RR} 11. h3 Nd7 12. Rhg1 Ndf6 13. Nh2 Qd7 14. Rdf1
c5 15. g4 cxd4 16. exd4 g6 17. h4 Nxc3 18. bxc3 fxg4 19. Nxg4 Nxg4 20. Rxg4 Bf3
21. Rg3 Bh5 22. Rfg1 Rf6 23. Rg5 Kh8 24. R1g2 Raf8 25. Rh2 Qf7 {Burg,T-Rothuis,
V Rijswijk 2001 0-1 (52)}) ({RR} 11. d5 exd5 12. Nd4 Qd7 13. f3 Nxc3 14. bxc3
g6 15. cxd5 Bxd5 16. e4 fxe4 17. fxe4 Bf7 18. h4 Nc6 19. h5 Nxd4 20. cxd4 c5
21. hxg6 Bxg6 22. Bc4+ d5 23. Bxd5+ Qxd5 24. exd5 Bxc2 25. Kxc2 Rac8 {Bruzzi,
S-Lengyel,L Reggio Emilia 1960 1/2-1/2}) 11... Nd7 12. Be1 c5 13. Nd2 Nxd2 14.
Bxd2 Qh4 15. Bc3 cxd4 16. exd4 Qxh2 17. Kb1 Nf6 18. f3 g6 19. Qd2 d5 20. Bb4
Rf7 21. c5 a5 22. Ba3 bxc5 23. Bxc5 Nd7 24. Ba3 Qc7 25. g4 Ba6 26. Bc2 Nb6 27.
Bc5 Nc4 28. Qh6 Rb8 29. b3 f4 30. Bxg6 Rf6 0-1

[Event "II Criciúma Chess Open - A1700 - 12-18"]
[Site "Criciúma SC"]
[Date "2024.01.14"]
[Round "4.10"]
[White "Duarte Napoles, Fanny"]
[Black "Silva, Kaua Marques"]
[Result "0-1"]
[WhiteElo "2220"]
[BlackElo "2142"]
[PlyCount "122"]
[EventDate "2024.01.12"]
[EventRounds "9"]
[EventCountry "BRA"]

1. c4 c5 2. Nc3 Nc6 3. Nf3 e5 4. e3 Nf6 5. d4 cxd4 6. exd4 e4 7. Ne5 Bb4 8.
Nxc6 dxc6 ({RR} 8... bxc6 9. Qc2 d5 10. Bg5 O-O 11. Be2 Bf5 12. O-O Be7 13. Qa4
Qb6 14. Bxf6 Bxf6 15. cxd5 Qxb2 16. Rac1 cxd5 17. Rc2 Qb7 18. Ba6 Qd7 19. Qxd7
Bxd7 20. Nxd5 Bxd4 21. Rd1 Ba4 22. Rxd4 Bxc2 23. Ne3 {Avramidou,A (2238)
-Cramling Bellon,A (2035) chess.com INT 2021 1/2-1/2 (44)}) 9. Be2 O-O 10. O-O
Re8 11. Bg5 $146 ({RR} 11. a3 Bd6 12. b4 Qc7 13. g3 Bh3 14. Re1 e3 15. c5 Bf4
16. Bf3 exf2+ 17. Kxf2 Rxe1 18. Qxe1 Bxc1 19. Qxc1 Rd8 20. Ne2 Bg4 21. Qd2 Qe7
22. Qe3 Qd7 23. Qf4 h5 24. Kg2 Nd5 25. Qd2 Re8 {Varga,M (2125)-Istvanovszky,M 
(2297) Zalakaros 2011 0-1 (39)}) ({RR} 11. Bf4 Bf5 12. Qd2 h6 13. Rad1 a6 14.
Be5 Ng4 15. Qf4 Qg5 16. h4 Qg6 17. a3 Bxc3 18. bxc3 f6 19. Bd6 e3 20. h5 Qh7
21. f3 Nf2 22. Ra1 Bd3 23. Ra2 Bxe2 24. Rxe2 Qd3 25. Rfe1 Nd1 {Okrugin,S (2334)
-Zabotin,A (2465) Yaroslavl RUS 2018 1/2-1/2 (42)}) 11... Bf5 12. Qb3 Ba5 13.
Rfd1 Qe7 14. d5 Bc7 15. Bxf6 gxf6 16. c5 Be5 17. Qc4 Rad8 18. d6 Qd7 19. Rac1
Bf4 20. Ra1 b5 21. Qd4 Bg6 22. Qxf6 Be5 23. Qh4 b4 24. Na4 Bg7 25. a3 Rb8 26.
Bg4 f5 27. Be2 Rf8 28. Bc4+ Kh8 29. Qf4 Bh5 30. Rd2 Bf6 31. Be2 Qg7 32. Qg3 Bg5
33. Rc2 b3 34. Rd2 Bxd2 35. Qxg7+ Kxg7 36. Bxh5 Rb5 37. Rd1 e3 38. fxe3 Bxe3+
39. Kf1 Ra8 40. Nc3 Rxc5 41. Rd3 Bc1 42. Ne2 Rd8 43. d7 Bxb2 44. Rxb3 Be5 45.
Be8 Rd5 46. Rf3 Bc7 47. Rc3 c5 48. g3 Kf6 49. Rc4 Rb8 50. Rc2 Be5 51. Kf2 Rb2
52. Rc1 Rdd2 53. Kf3 Rd3+ 54. Kf2 Ke7 55. a4 Rdd2 56. d8=Q+ Kxd8 57. Bb5 Rbc2
58. Re1 c4 59. Ke3 Rd3+ 60. Kf2 Bd4+ 61. Kg2 Re3 0-1

[Event "II Criciúma Chess Open - A1700 - 12-18"]
[Site "Criciúma SC"]
[Date "2024.01.14"]
[Round "4.11"]
[White "Librelato, Kathie Goulart"]
[Black "Pimenta, Elisandro Da Silva"]
[Result "1-0"]
[WhiteElo "2170"]
[BlackElo "1829"]
[PlyCount "71"]
[EventDate "2024.01.12"]
[EventRounds "9"]
[EventCountry "BRA"]

1. e4 e6 2. d4 d5 3. Nc3 dxe4 4. Nxe4 Bd7 5. Nf3 Bc6 6. Bd3 Nd7 7. O-O Ngf6 8.
Ned2 Bd6 9. Nc4 O-O 10. Re1 ({RR} 10. Nxd6 cxd6 11. Re1 Qb6 12. c3 Rfe8 13. a4
e5 14. a5 Qc7 15. dxe5 Bxf3 16. gxf3 Nxe5 17. Bf4 Qc6 18. Kg2 h6 19. Bc2 Re7
20. Bg3 Nfd7 21. Be4 Qa6 22. f4 Ng6 23. Bxg6 Qc6+ 24. Qf3 Rxe1 {Kocak,C (2068)
-Erten,K (1750) Konya TUR 2019 1-0 (44)}) 10... b5 ({RR} 10... Nd5 11. Nxd6
cxd6 12. c4 N5f6 13. Bf4 Qb6 14. b3 Rfe8 15. Bc2 Rad8 16. Be3 Qa5 17. h3 a6 18.
a4 Qh5 19. Nd2 Qxd1 20. Raxd1 a5 21. Nb1 Be4 22. Bxe4 Nxe4 23. Bf4 d5 24. cxd5
exd5 25. f3 {Grigoriants,S (2603)-Kovalenko,I (2700) Berlin 2015 1-0 (55)}) 11.
Nce5 Bxf3 $146 ({RR} 11... Bxe5 12. dxe5 Nd5 13. Nd4 Nb4 14. c3 Nxd3 15. Nxc6
Nxf2 16. Kxf2 Qh4+ 17. Kg1 Nc5 18. Be3 Na4 19. Qe2 a6 20. Bd4 g5 21. Rad1 g4
22. b3 Nb6 23. Bc5 g3 24. h3 Nd5 25. Rd4 Nf4 26. Qg4+ {Stopa,J (2056)
-Dziubinski,P Wisla 2000 1-0 (36)}) 12. Qxf3 a6 13. Bg5 Qe8 14. Qh3 g6 15. Bf4
Nd5 16. Bh6 f5 17. Bxf8 Bxf8 18. Nxd7 Qxd7 19. Qf3 Bg7 20. c3 Qd6 21. g3 Kf7
22. Kg2 Re8 23. a4 b4 24. Bc4 c6 25. Bxa6 bxc3 26. bxc3 c5 27. Bc4 Nb6 28. Bb5
Re7 29. Qc6 Qxc6+ 30. Bxc6 cxd4 31. a5 Nc8 32. cxd4 Bxd4 33. Ra4 Bc3 34. Re3
Bf6 35. Rd3 Na7 36. Bd7 1-0